Géographie de l'Amérique du Sud par lettre - Q - Statistiques

Statistiques générales
  • Ce quiz a été pris 46 fois
  • Le résultat moyen est 6 sur 20
Statistiques - réponses
Question Réponse % Correct
Capitale de l'Equateur Quito
98%
Bédéiste chilien, auteur notamment de Mafalda Quino
67%
Langue amérindienne, aujourd'hui officielle au Pérou et en Bolivie Quechua
65%
Plante traditionnelle des hauts plateaux andins, utilisée comme céréale et très à la mode aujourd'hui Quinoa
60%
Oiseau qui n'est pas seulement la monnaie guatémaltèque mais vit aussi en Amazonie {Quetzal} pavonien
56%
Minéral très répandu, très dur, dont le Brésil possède d'importants gisements et dont il possède le record de taille du cristal (40 kg) Quartz
53%
Roi espagnol qui a beaucoup contribué à la colonisation de l'Amérique du Sud Charles Quint
47%
Alcaloïde naturel extrait de la plante précédente, traitement de base contre le paludisme pendant des siècles Quinine
40%
Région minière située à l'est de Belo Horizonte au Brésil, riche en fer mais aussi en or. (indice : le mot est une figure géométrique) {Quadrilatère} ferrifère
33%
Nom d'une danse répandue notamment en Guyane, inspiré d'une danse française ancienne qui se pratiquait à quatre couples de danseurs {Quadrille} créole
21%
Île du Maroni sur laquelle on retenait les bagnards malades pendant... un certain temps ! Île de la {Quarantaine}
12%
Mouvement religieux dérivé de l'anglicanisme dont il existe une importante communauté en Bolivie Quaker
12%
Général d'Atahualpa (dernier empereur inca) qui aurait probablement adoré Jetpunk ! Quizquiz
9%
Genre de plante exploitée pour son écorce, notamment pour ses propriétés médicinales (contre la fièvre et le paludisme) Quinquina
7%
Dessert brésilien, à base d'oeuf et de noix de coco Quindim
5%
Flûte amérindienne traditionnelle. S'écrit aussi avec un k Quena
2%
Département de Colombie (capitale : Armenia) Quindio
2%
Objet inca, en forme de corde à noeud, utilisé pour compter dans cette civilisation Quipu
2%
Instrument de musique à percussion, constitué d'une mâchoire inférieure d'âne, de cheval ou de vache Quijada
0%
Communautés formée par les esclaves en fuite dans les régions reculées à l’intérieur des terres (terme d'origine africaine, utilisé au Brésil) Quilombo
0%
Aucun quiz correspondant
Distribution des résultats
% des personnes avec chaque résultat
Percentile par nombre de réponses
Votre historique - résultats
Vous n’avez pas pris ce quiz